000 00431 a2200157 4500
001 74168
020 _a9788560753079
040 _cAnchieta - Colégio São Paulo
100 _aOliveira Wilton Silva
240 1 0 _aAs Tic (s) e suas importâncias no ambiente de aprendizagem
_lpor
245 1 0 _aAs Tic (s) e suas importâncias no ambiente de aprendizagem
300 _a86
362 0 _a2008
650 4 _aEducação
942 _cBK
999 _c74168
_d74168